Lord Chancellor launches 'Land Registry Direct'' (Record no. 63941)

MARC details
000 -LEADER
fixed length control field 00726cam a2200193 4500
001 - CONTROL NUMBER
control field WB3625-19
008 - FIXED-LENGTH DATA ELEMENTS--GENERAL INFORMATION
fixed length control field 000000n2000 000 0 eng u
035 ## - SYSTEM CONTROL NUMBER
System control number (Sirsi) u106877
245 ## - TITLE STATEMENT
Title Lord Chancellor launches 'Land Registry Direct''
260 ## - PUBLICATION, DISTRIBUTION, ETC.
Date of publication, distribution, etc. 2000
490 ## - SERIES STATEMENT
Series statement HM Land Registry Press Notice
Volume/sequential designation (16/00) 20 June 2000, (3)
520 ## - SUMMARY, ETC.
Summary, etc. HM Land Registry's Land Registry Direct service has been launched. It features 100 million filed images and is a major step towards the governments' goal of full electronic conveyancing.
590 ## - LOCAL NOTE (RLIN)
Local note WB
650 ## - SUBJECT ADDED ENTRY--TOPICAL TERM
Topical term or geographic name entry element LAND REGISTRY DIRECT
650 ## - SUBJECT ADDED ENTRY--TOPICAL TERM
Topical term or geographic name entry element ECONVEYANCING
650 ## - SUBJECT ADDED ENTRY--TOPICAL TERM
Topical term or geographic name entry element NATIONAL LAND INFORMATION SERVICE
690 ## - LOCAL SUBJECT ADDED ENTRY--TOPICAL TERM (OCLC, RLIN)
Topical term or geographic name as entry element INFORMATION TECHNOLOGY-INTERNET
942 ## - ADDED ENTRY ELEMENTS (KOHA)
Suppress in OPAC 0
Holdings
Withdrawn status Lost status Source of classification or shelving scheme Damaged status Not for loan Home library Current library Shelving location Date acquired Total Checkouts Full call number Barcode Date last seen Copy number Price effective from Koha item type
    Dewey Decimal Classification     London London News article 29/06/2000   WB3625-19 106877-1001 06/08/2019 1 06/08/2019 News article